The Prize : (Record no. 16578)
[ view plain ]
| 000 -LEADER | |
|---|---|
| fixed length control field | 01594cam a22003254a 4500 |
| 001 - CONTROL NUMBER | |
| control field | 15702837 |
| 005 - DATE AND TIME OF LATEST TRANSACTION | |
| control field | 20090811090657.0 |
| 008 - FIXED-LENGTH DATA ELEMENTS--GENERAL INFORMATION | |
| fixed length control field | 090417s2008 nyuab b 001 0 eng d |
| 020 ## - INTERNATIONAL STANDARD BOOK NUMBER | |
| International Standard Book Number | 1439110123 |
| 020 ## - INTERNATIONAL STANDARD BOOK NUMBER | |
| International Standard Book Number | 9781439110126 (pbk.) |
| 040 ## - CATALOGING SOURCE | |
| Original cataloging agency | BTCTA |
| Transcribing agency | BTCTA |
| Modifying agency | YDXCP |
| -- | PNX |
| -- | AZDAC |
| -- | IAY |
| -- | DLC |
| 082 ## - DEWEY DECIMAL CLASSIFICATION NUMBER | |
| Edition number | 22 |
| Classification number | 338.272820904 |
| Item number | YER |
| 100 1# - MAIN ENTRY--PERSONAL NAME | |
| Personal name | Yergin, Daniel. |
| 9 (RLIN) | 29360 |
| 245 14 - TITLE STATEMENT | |
| Title | The Prize : |
| Remainder of title | the Epic Quest for Oil, Money & Power / |
| Statement of responsibility, etc | Daniel Yergin. |
| 250 ## - EDITION STATEMENT | |
| Edition statement | Free Press trade pbk. ed. |
| 260 ## - PUBLICATION, DISTRIBUTION, ETC. (IMPRINT) | |
| Place of publication, distribution, etc | New York : |
| Name of publisher, distributor, etc | Free Press, |
| Date of publication, distribution, etc | 2008. |
| 300 ## - PHYSICAL DESCRIPTION | |
| Extent | xvii, 908 p., [32] p. of plates : |
| Other physical details | ill., maps ; |
| Dimensions | 24 cm. |
| 500 ## - GENERAL NOTE | |
| General note | "With a new epilogue"--Cover. |
| 504 ## - BIBLIOGRAPHY, ETC. NOTE | |
| Bibliography, etc | Includes bibliographical references and index. |
| 650 #0 - SUBJECT ADDED ENTRY--TOPICAL TERM | |
| Topical term or geographic name as entry element | Petroleum industry and trade |
| General subdivision | Political aspects |
| -- | History |
| Chronological subdivision | 20th century. |
| 9 (RLIN) | 29361 |
| 650 #0 - SUBJECT ADDED ENTRY--TOPICAL TERM | |
| Topical term or geographic name as entry element | Petroleum industry and trade |
| General subdivision | Military aspects |
| -- | History |
| Chronological subdivision | 20th century. |
| 9 (RLIN) | 29362 |
| 650 #0 - SUBJECT ADDED ENTRY--TOPICAL TERM | |
| Topical term or geographic name as entry element | World War, 1914-1918 |
| General subdivision | Causes. |
| 9 (RLIN) | 29363 |
| 650 #0 - SUBJECT ADDED ENTRY--TOPICAL TERM | |
| Topical term or geographic name as entry element | World War, 1939-1945 |
| General subdivision | Causes. |
| 9 (RLIN) | 29364 |
| 650 #0 - SUBJECT ADDED ENTRY--TOPICAL TERM | |
| Topical term or geographic name as entry element | World politics |
| Chronological subdivision | 20th century. |
| 9 (RLIN) | 29365 |
| 653 ## - INDEX TERM--UNCONTROLLED | |
| Resource For college | |
| Arrived date list | March2012 |
| 942 ## - ADDED ENTRY ELEMENTS (KOHA) | |
| Source of classification or shelving scheme | Dewey Decimal Classification |
| Item type | Book - Borrowing |
| Withdrawn status | Item status | Source of classification or shelving scheme | Damaged status | Not for loan | Vendor | Home library | Current library | Shelving location | Date acquired | Source of acquisition | Total Checkouts | Total Renewals | Full call number | Barcode | Date last seen | Date last borrowed | Koha item type |
|---|---|---|---|---|---|---|---|---|---|---|---|---|---|---|---|---|---|
| Dewey Decimal Classification | Baccah | Central Library | Central Library | First floor | 12/03/2012 | 2 | 4 | 338.272820904 YER | 000026423 | 15/07/2025 | 28/01/2018 | Book - Borrowing | |||||
| Dewey Decimal Classification | Baccah | Central Library | Central Library | First floor | 12/03/2012 | 1 | 58 | 338.272820904 YER | 000026424 | 15/07/2025 | 08/02/2017 | Book - Borrowing |